000 01066cam a2200229 4500
001 ABS64181
008 000000n2001 000 0 eng u
035 _a(Sirsi) u113357
100 _aBingham, T.
245 _aIt's a long story...
260 _c2001
490 _aBuilding
_v266(8190) 22 June 2001, 52-53(2)
520 _aConsiders "Anthony David and Lois Jane Hoadley v Douglas J P Edwards" where the judge ruled in favour of the claimants after the surveyor failed to report on six non-structural faults and one major structural fault on a property they purchased denying them the opportunity to bargain the price down. Calls on the RICS to lobby for the amendment of the Construction Act to allow disputes on surveys of residential property to be referred to adjudication.
590 _aABS
650 _aHOADLEY AND HOADLEY V DOUGLAS J P EDWARDS
650 _aNEGLIGENCE
650 _aRESIDENTIAL SURVEYS
650 _aSTRUCTURAL SURVEYS
650 _aSURVEYORS' NEGLIGENCE
690 _aPROFESSIONAL PRACTICE-NEGLIGENCE-CASE LAW
942 _n0
999 _c67532
_d67532